Normal view MARC view
  • DR. Nasir M. Ahmad

Entry Personal Name

Number of records used in: 10

001 - CONTROL NUMBER

  • control field: 28507

003 - CONTROL NUMBER IDENTIFIER

  • control field: NUST

005 - DATE AND TIME OF LATEST TRANSACTION

  • control field: 20200218105255.0

008 - FIXED-LENGTH DATA ELEMENTS

  • fixed length control field: 200218|| aca||aabn | a|a d

040 ## - CATALOGING SOURCE

  • Original cataloging agency: NUST
  • Transcribing agency: NUST

100 ## - HEADING--PERSONAL NAME

  • Personal name: DR. Nasir M. Ahmad

670 ## - SOURCE DATA FOUND

  • Source citation: Work cat.: (NUST): Muhammad Raheel Anjum 28506, Impact of Poly (Ethylene Glyool)(Peg) Concentrations in Poly Styrene Blends as Anti-Algal Substance Against Green Micro-Algae /, 2016.
© 2023 Central Library, National University of Sciences and Technology. All Rights Reserved.